000 00599nam a2200121Ia 4500
008 171212s9999 xx 000 0 und d
020 _a9780833090867
100 _aGonzalez, Gabriella C.;Robson, Sean;Phillips, Andrea;Hunter, Gerald Paul;Ortiz, David S.
245 _cGonzalez, Gabriella C.;Robson, Sean;Phillips, Andrea;Hunter, Gerald Paul;Ortiz, David S.
_aEnergy-Sector Workforce Development in West Virginia
_bAligning Community College Education and Training with Needed Skills
260 _bRAND Corporation
_c2015
650 _aBusiness
856 _uhttp://jstor.org/stable/10.7249/j.ctt19rmdr1
999 _c352008
_d352008